|
|
|
|
| LEADER |
00000nam0a2200000 4500 |
| 001 |
53130 |
| 005 |
20231101211416.0 |
| 035 |
|
|
|a (RuTPU)RU\TPU\book\55714
|
| 035 |
|
|
|a RU\TPU\book\38137
|
| 090 |
|
|
|a 53130
|
| 100 |
|
|
|a 20030615d1974 m y0rusy50 ca
|
| 101 |
0 |
|
|a rus
|
| 102 |
|
|
|a RU
|
| 105 |
|
|
|a a j 011zy
|
| 200 |
1 |
|
|a Техническая термодинамика
|e учебник для вузов
|f В. А. Кириллин, В. В. Сычев, А. Е. Шейндлин
|
| 205 |
|
|
|a 2-е изд.
|
| 210 |
|
|
|a Москва
|c Энергия
|d 1974
|
| 215 |
|
|
|a 447 с.
|c ил.
|
| 300 |
|
|
|a Книга выпущена к 70-летию Московского энергетического института.
|
| 320 |
|
|
|a Библиогр.: с. 437.
|
| 320 |
|
|
|a Предм. указ.: с. 438-445.
|
| 451 |
|
1 |
|0 (RuTPU)RU\TPU\book\38137
|t Техническая термодинамика
|f В. А. Кириллин, В. В. Сычев, А. Е. Шейндлин
|g Академия наук СССР; Институт высоких температур
|e 3-е изд.
|c М.
|n Наука
|d 1979
|p 512 с.
|a Кириллин, Владимир Алексеевич
|
| 451 |
|
1 |
|0 (RuTPU)RU\TPU\book\55720
|t Техническая термодинамика
|o учебник для вузов
|f В. А. Кириллин, В. В. Сычев, А. Е. Шейндлин
|c М.
|n Энергия
|d 1968
|p 472 с.
|a Кириллин, Владимир Алексеевич
|
| 453 |
|
1 |
|0 (RuTPU)RU\TPU\retro\22303
|t Техническая термодинамика
|l Engineering Thermodynamics
|o [учебник для вузов]
|f В. А. Кириллин, В. В. Сычев, А. Е. Шейндлин
|g пер. С. Семенова
|c Москва
|n Мир
|d 1981
|p 560 с.
|a Кириллин, Владимир Алексеевич
|
| 606 |
1 |
|
|a Термодинамика техническая
|x (теплотехника)
|2 stltpush
|3 (RuTPU)RU\TPU\subj\68640
|9 83835
|
| 610 |
1 |
|
|a законы
|
| 610 |
1 |
|
|a дифференциальные уравнения
|
| 610 |
1 |
|
|a равновесие
|
| 610 |
1 |
|
|a фазовые переходы
|
| 610 |
1 |
|
|a вещества
|
| 610 |
1 |
|
|a термодинамические свойства
|
| 610 |
1 |
|
|a термодинамические процессы
|
| 610 |
1 |
|
|a газы
|
| 610 |
1 |
|
|a жидкости
|
| 610 |
1 |
|
|a теплосиловые циклы
|
| 610 |
1 |
|
|a холодильные циклы
|
| 610 |
1 |
|
|a влажный воздух
|
| 610 |
1 |
|
|a теплосиловые установки
|
| 610 |
1 |
|
|a химическая термодинамика
|
| 610 |
1 |
|
|a учебники
|
| 675 |
|
|
|a 621.1.016.7(075.8)
|v 3
|
| 700 |
|
1 |
|a Кириллин
|b В. А.
|g Владимир Алексеевич
|
| 701 |
|
1 |
|a Сычев
|b В. В.
|g Вячеслав Владимирович
|
| 701 |
|
1 |
|a Шейндлин
|b А. Е.
|g Александр Ефимович
|
| 801 |
|
1 |
|a RU
|b 63413507
|c 20020126
|g PSBO
|
| 801 |
|
2 |
|a RU
|b 63413507
|c 20211206
|g PSBO
|
| 942 |
|
|
|c BK
|